000 00291nam a22001337a 4500
008 170206b xxu||||| |||| 00| 0 eng d
020 _a9780803613782
041 _aeng
080 _a61
100 _a3
101 _aSHN
245 _aLABORATORY EXERCISES
_cTHOMAS BUTLER
942 _2udc
_cBK
999 _c4730
_d4730